000 00456nab a2200145Ia 4500
003 ES-SlBCS
005 20210601134614.0
008 140529s1989 xxu||||| |||| 00| 0 spa d
041 _aspa
100 1 _aDivasson, José Ángel
_9220342
245 0 0 _aPedagogía para la formación y organización de las comunidades
_c José Ángel Divasson
650 0 4 _aEducación
_986687
773 0 _tAnthropos
_gvol. 10, nº. 18, 1989, págs. 39-48
_wRev38
942 _cAR
999 _c615168
_d615168